000 01307cam a2200337 a 4500
001 13241156
003 OSt
005 20140310182717.0
008 030617s2010 nyu 000 1 eng
010 _a 2003055344
020 _a9780307719546
040 _aDLC
_cDLC
_dDLC
050 0 0 _aBJ 1481
_b.J66 2010
082 0 0 _aM 813.6
_221
_bJ63 2010
100 1 _aJohnson, Spencer.
245 1 4 _aThe present
_bThe gift for Changing times
_cJohnson, Spencer
260 _aNew York
_bBroadway Books
_cc2010
300 _a109 p.
_c22 cm.
521 _aCollege Student
526 _c1210L to 1700L
541 _j1
562 _efor circulation. 1 copy available in the collection
650 0 _aHappiness.
650 0 _aSuccess.
856 4 2 _3Contributor biographical information
_uhttp://www.loc.gov/catdir/bios/random055/2003055344.html
856 4 1 _3Sample text
_uhttp://www.loc.gov/catdir/samples/random045/2003055344.html
856 4 2 _3Publisher description
_uhttp://www.loc.gov/catdir/description/random0415/2003055344.html
906 _a7
_bcbc
_corignew
_d1
_eocip
_f20
_gy-gencatlg
942 _2lcc
_cBK
_kM
999 _c15293
_d15293